NCAA Basketball Teams Starting with H - Statistics

General Stats
  • This quiz has been taken 50 times
  • The average score is 5 of 9
Answer Stats
Conference Team % Correct
Ivy League Harvard
95%
Big 12 Houston
93%
Big West Hawaii
78%
Mid-Eastern Howard
63%
Colonial Athletic Hofstra
50%
Colonial Athletic Hampton
48%
Big South High Point
43%
Patriot League Holy Cross
35%
Southland Houston Christian
35%
No matching quizzes found
Score Distribution
Percent of People with Each Score
Percentile by Number Answered
Your Score History
You have not taken this quiz